Normal view
MARC view
- Verma,S.etal.
Entry Personal Name
001 - CONTROL NUMBER
- control field: 5768
003 - CONTROL NUMBER IDENTIFIER
- control field: OSt
005 - DATE AND TIME OF LATEST TRANSACTION
- control field: 20180205140430.0
008 - FIXED-LENGTH DATA ELEMENTS
- fixed length control field: 180205|| aca||aabn | a|a d
040 ## - CATALOGING SOURCE
- Original cataloging agency: OSt
- Transcribing agency: OSt
100 ## - HEADING--PERSONAL NAME
- Personal name: Verma,S.etal.
670 ## - SOURCE DATA FOUND
- Source citation: Work cat.: (OSt): Verma,S.etal., Mathematics-3, 2016